000 00687nam a2200253Ia 4500
005 20260121161302.0
008 008 260114s9999 xx 000 0 eng d
020 _a9781003447849
037 _aEBOOK
040 _aCRL
040 _beng
040 _cCRL
041 _2eng
041 _aeng
084 _qCRL
100 _aRobert C. Mizzi; Joshua D. Hawley; Tonette S. Rocco; M Cecil Smith; Lisa R. Merriweather
_91042484
245 4 _aThe Handbook of Adult and Continuing Education:
260 _bTaylor and Francis
260 _c2020
856 _uhttp://www.taylorfrancis.com/books/9781003447849
942 _cEBOOK
999 _c1609300
_d1609300